Every Major City in Bolivia + Paraguay And Uruguay - Statistics

General Stats
  • This quiz has been taken 12 times
  • The average score is 5 of 6
Answer Stats
Answer % Correct
Asuncion
90%
La Paz
90%
Montevideo
90%
Cochabamba
80%
Sucre
70%
Santa Cruz de la Sierra
50%
No matching quizzes found
Score Distribution
Percent of People with Each Score
Percentile by Number Answered
Your Score History
You have not taken this quiz